Phantasy for violin with piano accompaniment Opus 47
محفوظ في:
| المؤلف الرئيسي: | |
|---|---|
| التنسيق: | كتاب |
| اللغة: | الإنجليزية |
| منشور في: |
Nueva York
C. F. Peters Corporation
1952
|
| الموضوعات: | |
| الوسوم: |
إضافة وسم
لا توجد وسوم, كن أول من يضع وسما على هذه التسجيلة!
|
MARC
| LEADER | 00000nam a2200000 a 4500 | ||
|---|---|---|---|
| 001 | UCP6511 | ||
| 003 | CL-VaPUC | ||
| 008 | 991029e19520000US |||||||||||||||||eng|d | ||
| 082 | 0 | 4 | |a Vn786.2 |b SCH |2 21 |
| 100 | 0 | |a Schönberg, Arnold |e author |9 306737 | |
| 245 | 1 | 0 | |a Phantasy for violin with piano accompaniment Opus 47 |
| 300 | |a 15 p | ||
| 942 | |c BK | ||
| 945 | |d 19991029 00:00:00 |a rbrito | ||
| 260 | |a Nueva York |b C. F. Peters Corporation |c 1952 | ||
| 650 | 0 | |a Música para violín |9 357613 | |
| 650 | 0 | |a Música para piano |9 306528 | |
| 650 | 0 | |a Partituras |9 324008 | |
| 583 | |a last modification |c 19991029 00:00:00 |k Rodrigo Vera | ||
| 999 | |c 284030 |d 284028 | ||
| 952 | |0 0 |1 0 |4 0 |6 VN_786_200000000000000_SCH_1952 |7 0 |8 F |9 327640 |a BIBEDU |b BIBEDU |d 2019-11-20 |i 3560139 |o Vn786.2 SCH 1952 |p 3560139 |r 2023-11-22 |w 2019-11-20 |y BK_F |k MUS | ||